00660 2200217 4500001002100000005001500021035002000036007000300056008004100059020002200100082001200122084001800134100002900152245009700181250000600278260003300284300004700317700003200364650002900396990001700425INLIS00000000000137520260520095338 a0010-1123000006ta260520 b 0 ind  a978-602-8798-25-9 a297.246 a297.246 BAY t0 aBayu Indie ( Pengarang )1 aThe Great Prophent :bNabi Shaleh A.S & Nabi Sulaiman A.S /cBayu indie; editor,Anna Fauziah a- aJakarta :bPustaka Lebah,c- a39 :bilus. ;gambar berwarna ;c28.5 cme-1 aIAnna Fauziah ( Pengarang ) 4aIslam - cerita anak anak a00066/K/2012